[Event "EU-ch (Women) 25th"]
[Site "Rhodes"]
[Date "2025.04.10"]
[Round "10"]
[White "Khurtsilava, Inga"]
[Black "Mammadova, Gulnar Marfat Qizi"]
[Result "0-1"]
[WhiteElo "2214"]
[BlackElo "2342"]
[PlyCount "78"]
[EventDate "2025.03.31"]
[EventType "swiss"]
[EventRounds "11"]
[EventCountry "GRE"]
[SourceTitle "CB16_2025"]
[SourceDate "2025.04.16"]
[SourceVersion "1"]
[SourceVersionDate "2025.04.16"]
[SourceQuality "1"]

1. c4 Nf6 2. Nc3 e5 3. g3 Bb4 4. Bg2 0-0 5. e4 c6 6. Nge2 d6 7. 0-0 Be6 8. d3 Qd7 9. Bg5 Ne8 10. Be3 f5 11. exf5 Bxf5 12. d4 Nf6 13. dxe5 dxe5 14. Qb3 Na6 15. Rad1 Qf7 16. Na4 Be6 17. Rc1 b5 18. Nac3 Bxc4 19. Qc2 Bxc3 20. bxc3 Qh5 21. f3 Nd5 22. Bf2 Rxf3 23. Bxf3 Qxf3 24. Qd2 Bxe2 25. Rfe1 Bd3 26. Rxe5 Be4 27. Rxe4 Qxe4 28. Re1 Qf5 29. Bd4 Nac7 30. Rf1 Qg6 31. Bc5 Ne6 32. Qf2 Nxc5 33. Qxc5 h6 34. a3 Qe6 35. h4 Qe3+ 36. Qxe3 Nxe3 37. Rf4 Nd5 38. Rf3 Re8 39. Kf2 Rf8 0-1

[Event "EU-ch (Women) 25th"]
[Site "Rhodes"]
[Date "2025.04.03"]
[Round "4"]
[White "Karacsonyi, Kata"]
[Black "Mammadova, Gulnar Marfat Qizi"]
[Result "0-1"]
[WhiteElo "2162"]
[BlackElo "2342"]
[PlyCount "80"]
[EventDate "2025.03.31"]
[EventType "swiss"]
[EventRounds "11"]
[EventCountry "GRE"]
[SourceTitle "CB16_2025"]
[SourceDate "2025.04.16"]
[SourceVersion "1"]
[SourceVersionDate "2025.04.16"]
[SourceQuality "1"]

1. e4 e5 2. Nf3 Nc6 3. Bc4 Nf6 4. d3 Bc5 5. Bg5 h6 6. Bh4 Be7 7. a4 d6 8. c3 Nh5 9. Bg3 Nxg3 10. fxg3 Be6 11. Bd5 0-0 12. 0-0 Bxd5 13. exd5 Nb8 14. g4 c6 15. Qb3 Nd7 16. d4 e4 17. Nfd2 Nf6 18. c4 cxd5 19. cxd5 Nxg4 20. Nxe4 f5 21. Nf2 Bf6 22. Nxg4 fxg4 23. Nd2 Bxd4+ 24. Kh1 Qb6 25. Qxb6 axb6 26. Nc4 Bc5 27. b3 Rae8 28. g3 Re2 29. Rxf8+ Kxf8 30. Rb1 Ke7 31. b4 Bf2 32. a5 b5 33. Na3 Re1+ 34. Rxe1+ Bxe1 35. Nc2 Bc3 36. Kg2 Kf6 37. Na3 Bxb4 38. Nxb5 Ke5 39. h3 gxh3+ 40. Kxh3 Bxa5 0-1

[Event "Baku Pashayeva Memorial Blitz"]
[Site "Baku"]
[Date "2025.03.05"]
[Round "2"]
[White "Mamedjarova, Turkan"]
[Black "Mammadova, Gulnar Marfat Qizi"]
[Result "1-0"]
[WhiteElo "2206"]
[BlackElo "2342"]
[PlyCount "67"]
[EventDate "2025.03.05"]
[EventType "tourn (blitz)"]
[EventRounds "18"]
[EventCountry "AZE"]
[EventCategory "3"]
[SourceTitle "CB11_2025"]
[SourceDate "2025.03.12"]
[SourceVersion "1"]
[SourceVersionDate "2025.03.12"]
[SourceQuality "1"]

1. d4 g6 2. c4 Bg7 3. Nc3 d6 4. Nf3 Nd7 5. e4 e5 6. d5 Ne7 7. Be2 0-0 8. 0-0 h6 9. b4 a5 10. b5 f5 11. exf5 Nxf5 12. Ne4 Nf6 13. Bd3 b6 14. Re1 Nh5 15. Rb1 Nf4 16. Bxf4 exf4 17. Qd2 Ne7 18. h3 Bf5 19. Nh4 Bxe4 20. Bxe4 g5 21. Ng6 Nxg6 22. Bxg6 Qf6 23. Re6 Qd4 24. Qe2 f3 25. gxf3 Rf6 26. Re8+ Rxe8 27. Qxe8+ Rf8 28. Qe6+ Kh8 29. Re1 Qc3 30. Re3 Qa1+ 31. Kg2 Qd4 32. Bd3 Qf4 33. Qg6 Kg8 34. Qh7+ 1-0

[Event "Baku Pashayeva Memorial Blitz"]
[Site "Baku"]
[Date "2025.03.05"]
[Round "7"]
[White "Mammadova, Gulnar Marfat Qizi"]
[Black "Serikbay, Assel"]
[Result "1-0"]
[WhiteElo "2342"]
[BlackElo "2235"]
[PlyCount "46"]
[EventDate "2025.03.05"]
[EventType "tourn (blitz)"]
[EventRounds "18"]
[EventCountry "AZE"]
[EventCategory "3"]
[SourceTitle "CB11_2025"]
[SourceDate "2025.03.12"]
[SourceVersion "1"]
[SourceVersionDate "2025.03.12"]
[SourceQuality "1"]

1. Nf3 d5 2. g3 c6 3. Bg2 Bg4 4. c4 e6 5. cxd5 exd5 6. d4 Bd6 7. Qb3 Qb6 8. Qe3+ Ne7 9. Ne5 Bf5 10. Nc3 0-0 11. 0-0 Nd7 12. f4 f6 13. Nf3 Rfe8 14. Qf2 Bg4 15. e4 dxe4 16. Nxe4 Bc7 17. Nfd2 Nd5 18. h3 Bf5 19. Nc4 Qb4 20. Ned2 b5 21. a3 Qe7 22. Bxd5+ cxd5 23. g4 Bd3 1-0

[Event "Baku Pashayeva Memorial Blitz"]
[Site "Baku"]
[Date "2025.03.05"]
[Round "14"]
[White "Mammadova, Gulnar Marfat Qizi"]
[Black "Yakubbaeva, Nilufar"]
[Result "1/2-1/2"]
[WhiteElo "2342"]
[BlackElo "2179"]
[PlyCount "47"]
[EventDate "2025.03.05"]
[EventType "tourn (blitz)"]
[EventRounds "18"]
[EventCountry "AZE"]
[EventCategory "3"]
[SourceTitle "CB11_2025"]
[SourceDate "2025.03.12"]
[SourceVersion "1"]
[SourceVersionDate "2025.03.12"]
[SourceQuality "1"]

1. e4 c6 2. d4 d5 3. e5 Bf5 4. Nf3 e6 5. Be2 Nd7 6. 0-0 c5 7. c4 Ne7 8. Nc3 dxc4 9. Bxc4 Nc6 10. d5 exd5 11. Bxd5 Be7 12. Bf4 0-0 13. Qe2 Nb6 14. Rad1 Nxd5 15. Nxd5 Qc8 16. Ne3 Be6 17. a3 Rd8 18. Qc2 Nd4 19. Qe4 Nxf3+ 20. Qxf3 Qc6 21. Qg3 Bf8 22. Bg5 Rd4 23. h4 Kh8 24. f3 1/2-1/2

[Event "Baku Pashayeva Memorial Blitz"]
[Site "Baku"]
[Date "2025.03.05"]
[Round "12"]
[White "Mammadzada, Gunay Vuqar Qizi"]
[Black "Mammadova, Gulnar Marfat Qizi"]
[Result "1/2-1/2"]
[WhiteElo "2396"]
[BlackElo "2342"]
[PlyCount "80"]
[EventDate "2025.03.05"]
[EventType "tourn (blitz)"]
[EventRounds "18"]
[EventCountry "AZE"]
[EventCategory "3"]
[SourceTitle "CB11_2025"]
[SourceDate "2025.03.12"]
[SourceVersion "1"]
[SourceVersionDate "2025.03.12"]
[SourceQuality "1"]

1. Nf3 g6 2. g3 Bg7 3. Bg2 d6 4. d4 Nd7 5. 0-0 e5 6. e4 Ne7 7. Nc3 0-0 8. Be3 Nc6 9. Qd2 exd4 10. Nxd4 Nde5 11. Nxc6 bxc6 12. b3 Qf6 13. Qe2 Bg4 14. f3 Nxf3+ 15. Bxf3 Bxf3 16. Rxf3 Qxc3 17. Raf1 Qe5 18. Qc4 d5 19. Qxc6 dxe4 20. Rxf7 Rad8 21. Rxf8+ Bxf8 22. Qc4+ Qd5 23. Qxc7 Qd7 24. Qxa7 Qxa7 25. Bxa7 Ra8 26. Be3 Rxa2 27. Rf2 Bg7 28. Kg2 Bc3 29. g4 Kg7 30. Re2 h5 31. gxh5 gxh5 32. Bf4 Kg6 33. Rxe4 Rxc2+ 34. Kf3 Bf6 35. b4 Kf5 36. Re8 Rc3+ 37. Be3 Rb3 38. Re4 Bg5 39. b5 Bxe3 40. Rxe3 Rxb5 1/2-1/2

[Event "Baku Pashayeva Memorial Blitz"]
[Site "Baku"]
[Date "2025.03.05"]
[Round "13"]
[White "Yakubbaeva, Nilufar"]
[Black "Mammadova, Gulnar Marfat Qizi"]
[Result "1/2-1/2"]
[WhiteElo "2179"]
[BlackElo "2342"]
[PlyCount "43"]
[EventDate "2025.03.05"]
[EventType "tourn (blitz)"]
[EventRounds "18"]
[EventCountry "AZE"]
[EventCategory "3"]
[SourceTitle "CB11_2025"]
[SourceDate "2025.03.12"]
[SourceVersion "1"]
[SourceVersionDate "2025.03.12"]
[SourceQuality "1"]

1. d4 g6 2. Nf3 Bg7 3. Nbd2 d6 4. e4 Nc6 5. c3 e5 6. dxe5 dxe5 7. a4 Be6 8. Bc4 Bxc4 9. Nxc4 Qxd1+ 10. Kxd1 Nf6 11. Nfd2 0-0 12. f3 a5 13. Kc2 Nd7 14. Nf1 f5 15. Be3 fxe4 16. fxe4 Nf6 17. Nfd2 Ng4 18. Bc5 Rf7 19. h3 Nf6 20. Rhf1 Rd8 21. Be3 Rdf8 22. Rf3 1/2-1/2

[Event "Baku Pashayeva Memorial Rapid"]
[Site "Baku"]
[Date "2025.03.04"]
[Round "8"]
[White "Mammadova, Gulnar Marfat Qizi"]
[Black "Fataliyeva, Ulviyya Hasil Qizi"]
[Result "1-0"]
[WhiteElo "2342"]
[BlackElo "2387"]
[PlyCount "105"]
[EventDate "2025.03.02"]
[EventType "tourn (rapid)"]
[EventRounds "9"]
[EventCountry "AZE"]
[EventCategory "3"]
[SourceTitle "CB11_2025"]
[SourceDate "2025.03.12"]
[SourceVersion "1"]
[SourceVersionDate "2025.03.12"]
[SourceQuality "1"]

1. e4 e5 2. Nf3 Nc6 3. Bb5 a6 4. Ba4 Nf6 5. 0-0 Be7 6. Re1 b5 7. Bb3 0-0 8. h3 Bb7 9. d3 d5 10. exd5 Nxd5 11. a4 Bf6 12. c3 Qd7 13. Nbd2 Rad8 14. Ne4 Be7 15. Ng3 Nf4 16. d4 Nxg2 17. Kxg2 exd4 18. axb5 axb5 19. Kh2 Bc8 20. Ng1 Bd6 21. Qg4 Qxg4 22. hxg4 d3 23. Bd2 Bxg4 24. Kg2 Ne5 25. Ne4 Nc4 26. Bxc4 bxc4 27. Nf3 Rb8 28. Ra2 h6 29. Nxd6 cxd6 30. Nd4 Rb6 31. Kg3 Bh5 32. b4 cxb3 33. Rb2 f5 34. Be3 d5 35. f4 Re8 36. Kf2 Ra6 37. Nxb3 Rb8 38. Reb1 Ra3 39. Bd2 Re8 40. Nd4 Ra4 41. Rb8 Ra8 42. Rxa8 Rxa8 43. Ke3 g5 44. Kxd3 g4 45. Rh1 Bg6 46. Rxh6 Kg7 47. Rh1 Re8 48. Be3 Re4 49. Ra1 Re7 50. Nc6 Re8 51. Bd4+ Kg8 52. Ne5 Bh7 53. Nd7 1-0

[Event "Baku Pashayeva Memorial Rapid"]
[Site "Baku"]
[Date "2025.03.03"]
[Round "6"]
[White "Mammadova, Gulnar Marfat Qizi"]
[Black "Mammadzada, Gunay Vuqar Qizi"]
[Result "0-1"]
[WhiteElo "2342"]
[BlackElo "2396"]
[PlyCount "82"]
[EventDate "2025.03.02"]
[EventType "tourn (rapid)"]
[EventRounds "9"]
[EventCountry "AZE"]
[EventCategory "3"]
[SourceTitle "CB11_2025"]
[SourceDate "2025.03.12"]
[SourceVersion "1"]
[SourceVersionDate "2025.03.12"]
[SourceQuality "1"]

1. e4 e5 2. Nf3 Nc6 3. Bb5 a6 4. Ba4 Nf6 5. 0-0 Be7 6. Re1 b5 7. Bb3 0-0 8. h3 d6 9. c3 Bb7 10. d4 Re8 11. Nbd2 h6 12. Nf1 Bf8 13. Ng3 Na5 14. Bc2 g6 15. b3 Bg7 16. Bd2 exd4 17. cxd4 c5 18. Bc3 b4 19. Bd2 Qb6 20. d5 c4 21. Be3 Qc7 22. bxc4 Nxc4 23. Bd4 Ne5 24. Nxe5 dxe5 25. Be3 Rec8 26. Rc1 Qd6 27. Qd2 h5 28. Bd3 a5 29. Rxc8+ Rxc8 30. Rc1 Bf8 31. f4 Nd7 32. Rxc8 Bxc8 33. Ne2 Ba6 34. Nc1 a4 35. fxe5 Nxe5 36. Bxa6 Qxa6 37. Bd4 Qd6 38. Qc2 Bg7 39. Ne2 Qa6 40. Kf1 Nc4 41. Bxg7 Ne3+ 0-1

[Event "Baku Pashayeva Memorial Rapid"]
[Site "Baku"]
[Date "2025.03.02"]
[Round "2"]
[White "Balajayeva, Khanim Asad Qizi"]
[Black "Mammadova, Gulnar Marfat Qizi"]
[Result "1/2-1/2"]
[WhiteElo "2358"]
[BlackElo "2342"]
[PlyCount "30"]
[EventDate "2025.03.02"]
[EventType "tourn (rapid)"]
[EventRounds "9"]
[EventCountry "AZE"]
[EventCategory "3"]
[SourceTitle "CB11_2025"]
[SourceDate "2025.03.12"]
[SourceVersion "1"]
[SourceVersionDate "2025.03.12"]
[SourceQuality "1"]

1. e4 e5 2. Nf3 Nc6 3. Bc4 Nf6 4. d3 Bc5 5. c3 d6 6. 0-0 a5 7. Nbd2 0-0 8. Bb3 h6 9. h3 Be6 10. Re1 Re8 11. Bxe6 Rxe6 12. Nf1 d5 13. Qe2 d4 14. Ng3 a4 15. a3 Na5 1/2-1/2

[Event "Baku Pashayeva Memorial Rapid"]
[Site "Baku"]
[Date "2025.03.02"]
[Round "1"]
[White "Mammadova, Gulnar Marfat Qizi"]
[Black "Mamedjarova, Turkan"]
[Result "1/2-1/2"]
[WhiteElo "2342"]
[BlackElo "2206"]
[PlyCount "40"]
[EventDate "2025.03.02"]
[EventType "tourn (rapid)"]
[EventRounds "9"]
[EventCountry "AZE"]
[EventCategory "3"]
[SourceTitle "CB11_2025"]
[SourceDate "2025.03.12"]
[SourceVersion "1"]
[SourceVersionDate "2025.03.12"]
[SourceQuality "1"]

1. e4 e5 2. Nf3 Nc6 3. Nc3 Nf6 4. d4 exd4 5. Nxd4 Bb4 6. Nxc6 bxc6 7. Bd3 d5 8. exd5 cxd5 9. 0-0 0-0 10. h3 h6 11. Qf3 c6 12. Bf4 Bd6 13. Rad1 Rb8 14. b3 Qc7 15. Bxh6 Bh2+ 16. Kh1 Be5 17. Bd2 g6 18. Rfe1 Kg7 19. Kg1 Rh8 20. Rxe5 Qxe5 1/2-1/2

[Event "AZE-ch (Women)"]
[Site "Baku"]
[Date "2025.02.14"]
[Round "4.2"]
[White "Mammadova, Gulnar Marfat Qizi"]
[Black "Fataliyeva, Ulviyya Hasil Qizi"]
[Result "1-0"]
[WhiteElo "2333"]
[BlackElo "2381"]
[PlyCount "99"]
[EventDate "2025.02.04"]
[EventType "k.o."]
[EventRounds "4"]
[EventCountry "AZE"]
[SourceTitle "CB08_2025"]
[SourceDate "2025.02.19"]
[SourceVersion "1"]
[SourceVersionDate "2025.02.19"]
[SourceQuality "1"]

1. e4 e5 2. Nf3 Nc6 3. Bc4 Nf6 4. d3 Bc5 5. c3 d6 6. Bg5 h6 7. Bh4 a5 8. Nbd2 Ba7 9. a4 Qe7 10. h3 g5 11. Bg3 Bd7 12. Qe2 Rg8 13. Nf1 Nd8 14. Ne3 Be6 15. Bxe6 Qxe6 16. Nf5 Nh5 17. N3d4 Nxg3 18. Nxe6 Nxe2 19. Nxc7+ Kd7 20. Nd5 Nf4 21. Nf6+ Kc7 22. Nxg8 Nxd3+ 23. Kd2 Nxf2 24. Rhe1 Ne6 25. Ngxh6 Nf4 26. Nxf7 Nxg2 27. N5xd6 Nxe1 28. Rxe1 Nxh3 29. Nb5+ Kd7 30. Nxe5+ Ke6 31. Ng4 Rd8+ 32. Kc2 Nf2 33. Nh6 Bb6 34. Nf5 Ke5 35. Na3 Kf4 36. Nc4 Ba7 37. Ng7 Rg8 38. Nh5+ Kf3 39. e5 Rh8 40. e6 Bc5 41. Ne5+ Kg2 42. Nf6 Rh6 43. Ned7 Be7 44. Ng8 Rh7 45. Ndf6 Rg7 46. Nxe7 Rxe7 47. Nd5 Re8 48. e7 Ng4 49. Nc7 Kf2 50. Re6 1-0

[Event "AZE-ch (Women)"]
[Site "Baku"]
[Date "2025.02.13"]
[Round "4.1"]
[White "Fataliyeva, Ulviyya Hasil Qizi"]
[Black "Mammadova, Gulnar Marfat Qizi"]
[Result "1-0"]
[WhiteElo "2381"]
[BlackElo "2333"]
[PlyCount "73"]
[EventDate "2025.02.04"]
[EventType "k.o."]
[EventRounds "4"]
[EventCountry "AZE"]
[SourceTitle "CB08_2025"]
[SourceDate "2025.02.19"]
[SourceVersion "1"]
[SourceVersionDate "2025.02.19"]
[SourceQuality "1"]

1. Nf3 d5 2. g3 Nf6 3. Bg2 g6 4. c4 d4 5. b4 Bg7 6. Bb2 Nh5 7. 0-0 0-0 8. d3 a5 9. b5 c5 10. bxc6 bxc6 11. Nbd2 Na6 12. Qa4 Rb8 13. Ba3 Nb4 14. Rab1 c5 15. Nb3 Nxa2 16. Bb2 Nc3 17. Bxc3 dxc3 18. Nxc5 Rb2 19. Rxb2 cxb2 20. Rb1 Qc7 21. Qa3 Bg4 22. e3 Bf5 23. Nh4 Bg4 24. Nf3 Bf5 25. Nd4 Qd6 26. Nb5 Qd8 27. e4 Bg4 28. Na4 Be2 29. Nxb2 Bxb2 30. Qxb2 Qxd3 31. Nc3 Bg4 32. Nd5 Re8 33. Ne3 Be2 34. Re1 a4 35. Qxe2 Qc3 36. Nd5 Qb3 37. Ra1 1-0

[Event "AZE-ch (Women)"]
[Site "Baku"]
[Date "2025.02.08"]
[Round "2.2"]
[White "Balajayeva, Khanim Asad Qizi"]
[Black "Mammadova, Gulnar Marfat Qizi"]
[Result "1/2-1/2"]
[WhiteElo "2355"]
[BlackElo "2333"]
[PlyCount "66"]
[EventDate "2025.02.04"]
[EventType "k.o."]
[EventRounds "4"]
[EventCountry "AZE"]
[SourceTitle "CB08_2025"]
[SourceDate "2025.02.19"]
[SourceVersion "1"]
[SourceVersionDate "2025.02.19"]
[SourceQuality "1"]

1. e4 e5 2. Nf3 Nf6 3. Nxe5 d6 4. Nf3 Nxe4 5. Bd3 Nf6 6. 0-0 Be7 7. c3 0-0 8. Re1 c5 9. h3 d5 10. Bc2 h6 11. d4 c4 12. Nbd2 Nc6 13. Ne5 Nd7 14. Nxc6 bxc6 15. b3 cxb3 16. axb3 Bd6 17. Nf3 Re8 18. Rxe8+ Qxe8 19. Ba3 Bxa3 20. Rxa3 Nf6 21. Qa1 a6 22. Bd3 Ne4 23. Qe1 Bb7 24. Bxe4 dxe4 25. Nd2 c5 26. dxc5 Qc6 27. Ra4 e3 28. Nf3 Re8 29. fxe3 Qxc5 30. Rd4 Bxf3 31. gxf3 Qf5 32. Kg2 Qc2+ 33. Qd2 Qxb3 1/2-1/2

[Event "Wch Blitz (Women)"]
[Site "New York"]
[Date "2024.12.30"]
[Round "2"]
[White "Belenkaya, Dina"]
[Black "Mammadova, Gulnar Marfat Qizi"]
[Result "1/2-1/2"]
[WhiteElo "2155"]
[BlackElo "2333"]
[PlyCount "169"]
[EventDate "2024.12.30"]
[EventType "swiss (blitz)"]
[EventRounds "11"]
[EventCountry "USA"]
[SourceTitle "CB01_2025"]
[SourceDate "2025.01.01"]
[SourceVersion "1"]
[SourceVersionDate "2025.01.01"]
[SourceQuality "1"]

1. d4 Nf6 2. c4 e6 3. Nc3 Bb4 4. e3 0-0 5. Bd3 d5 6. Nge2 c5 7. a3 Bxc3+ 8. bxc3 dxc4 9. Bxc4 Qc7 10. Ba2 b5 11. 0-0 Bb7 12. Ng3 Rd8 13. Rb1 Nc6 14. Re1 a6 15. Rb2 e5 16. d5 e4 17. Rd2 Ne5 18. d6 Qd7 19. Bb1 c4 20. Rd4 Nd3 21. Bxd3 cxd3 22. f3 Qe6 23. fxe4 Rxd6 24. Qxd3 Rd7 25. e5 Nd5 26. Nf5 Bc6 27. e4 Nb6 28. Rd6 Qxe5 29. Qd4 Qxd4+ 30. cxd4 Rxd6 31. Nxd6 Rd8 32. e5 Bd5 33. Bf4 h6 34. Rc1 Nc4 35. Rc3 g5 36. Bc1 Rd7 37. Kf2 Kg7 38. g3 f6 39. Nf5+ Kg6 40. Ne3 fxe5 41. Nxc4 Bxc4 42. dxe5 Kf5 43. Re3 Rd1 44. Re1 Rd3 45. Re3 Rd1 46. Re1 Rxe1 47. Kxe1 Kxe5 48. Bb2+ Ke4 49. Kf2 a5 50. Bc3 a4 51. g4 Kf4 52. h3 Be6 53. Bg7 Bc4 54. Bxh6 Bd5 55. Bf8 Bc4 56. Bd6+ Ke4 57. Kg3 Kd5 58. Be7 Bd3 59. Bxg5 b4 60. axb4 Kc4 61. Be7 a3 62. b5 a2 63. Bf6 Kxb5 64. Kf4 Kc6 65. h4 Kd6 66. Ba1 Ke6 67. g5 Be2 68. Ke4 Bh5 69. Kf4 Bd1 70. Ke4 Bh5 71. Kf4 Bd1 72. Kg3 Kf5 73. Kf2 Bh5 74. Ke3 Bd1 75. Kd4 Bh5 76. Kd5 Kg6 77. Ke6 Bg4+ 78. Ke5 Bd1 79. Kd4 Kh5 80. Kc3 Bg4 81. Kb2 Be6 82. Ka3 Kxh4 83. g6 Kg5 84. g7 Kg6 85. Kb2 1/2-1/2

[Event "Wch Blitz (Women)"]
[Site "New York"]
[Date "2024.12.30"]
[Round "3"]
[White "Mammadova, Gulnar Marfat Qizi"]
[Black "Nurgaliyeva, Zarina"]
[Result "1-0"]
[WhiteElo "2333"]
[BlackElo "2263"]
[PlyCount "119"]
[EventDate "2024.12.30"]
[EventType "swiss (blitz)"]
[EventRounds "11"]
[EventCountry "USA"]
[SourceTitle "CB01_2025"]
[SourceDate "2025.01.01"]
[SourceVersion "1"]
[SourceVersionDate "2025.01.01"]
[SourceQuality "1"]

1. e4 e5 2. Nf3 Nc6 3. Bb5 a6 4. Ba4 Nf6 5. Nc3 b5 6. Bb3 Be7 7. 0-0 d6 8. d3 0-0 9. a4 Rb8 10. axb5 axb5 11. h3 h6 12. Re1 Be6 13. Nd5 Re8 14. c3 Bf8 15. Ra6 Bxd5 16. exd5 Ne7 17. Nh4 Qc8 18. Ra7 Nfxd5 19. Qf3 c6 20. d4 exd4 21. cxd4 Rb7 22. Rxb7 Qxb7 23. Nf5 Qd7 24. Qg4 Qxf5 25. Qxf5 Nxf5 26. Rxe8 Nf6 27. Rc8 Nxd4 28. Bd1 c5 29. Kf1 Nd7 30. Be3 Nb6 31. Rb8 Nc4 32. Bxd4 cxd4 33. Rxb5 Be7 34. Rb8+ Kh7 35. Rb7 Bf6 36. Bc2+ g6 37. Rxf7+ Bg7 38. Rb7 d3 39. Bxd3 Nxb2 40. Be2 Na4 41. Rd7 d5 42. Rxd5 Nc3 43. Rd6 Ne4 44. Ra6 Nc5 45. Rc6 Bd4 46. Rd6 Bb2 47. Bd3 Nxd3 48. Rxd3 Kg7 49. Rd6 Be5 50. Re6 Bd4 51. f4 Bc5 52. Ke2 Kf7 53. Rc6 Bd4 54. Kf3 Bb2 55. g4 Bd4 56. Ke4 Bg1 57. Ke5 Bh2 58. Rc7+ Ke8 59. Ke6 Kd8 60. Rc4 1-0

[Event "Wch Blitz (Women)"]
[Site "New York"]
[Date "2024.12.30"]
[Round "4"]
[White "Serikbay, Assel"]
[Black "Mammadova, Gulnar Marfat Qizi"]
[Result "0-1"]
[WhiteElo "2236"]
[BlackElo "2333"]
[PlyCount "112"]
[EventDate "2024.12.30"]
[EventType "swiss (blitz)"]
[EventRounds "11"]
[EventCountry "USA"]
[SourceTitle "CB01_2025"]
[SourceDate "2025.01.01"]
[SourceVersion "1"]
[SourceVersionDate "2025.01.01"]
[SourceQuality "1"]

1. d4 Nf6 2. c4 e6 3. Nf3 d5 4. Nc3 Be7 5. Bg5 h6 6. Bh4 dxc4 7. e3 c5 8. Bxc4 cxd4 9. exd4 0-0 10. 0-0 Nc6 11. Rc1 Nh5 12. Bxe7 Nxe7 13. Ne5 Nf6 14. Bb3 Nc6 15. Nxc6 bxc6 16. Na4 Qd6 17. Qf3 Qxd4 18. Rfd1 Qe5 19. Qxc6 Rb8 20. Qc7 Qxc7 21. Rxc7 a6 22. f3 Bb7 23. Nc5 Bd5 24. Ra7 Rb5 25. Nd7 Nxd7 26. Bxd5 exd5 27. Rxd7 Rxb2 28. R7xd5 Rxa2 29. h4 Re8 30. Rd8 Kf8 31. R8d2 Re2 32. Rxe2 Rxe2 33. Rd8+ Ke7 34. Ra8 Ra2 35. Kh2 h5 36. Kg3 Ra4 37. Kh3 Ra3 38. Kg3 Ke6 39. Kf4 Ra4+ 40. Kg5 Ra5+ 41. Kf4 g6 42. Re8+ Kf6 43. Ra8 Ra4+ 44. Kg3 Ra1 45. Kf4 a5 46. g4 hxg4 47. fxg4 a4 48. Ra6+ Kg7 49. h5 gxh5 50. gxh5 a3 51. Kg3 f5 52. h6+ Kh7 53. Kg2 f4 54. Kh2 f3 55. Kg3 a2 56. Kf2 Rh1 0-1

[Event "Wch Rapid (Women)"]
[Site "New York"]
[Date "2024.12.28"]
[Round "10"]
[White "Mammadova, Gulnar Marfat Qizi"]
[Black "Krush, Irina"]
[Result "1-0"]
[WhiteElo "2289"]
[BlackElo "2382"]
[PlyCount "55"]
[EventDate "2024.12.26"]
[EventType "swiss (rapid)"]
[EventRounds "11"]
[EventCountry "USA"]
[SourceTitle "CB01_2025"]
[SourceDate "2025.01.01"]
[SourceVersion "1"]
[SourceVersionDate "2025.01.01"]
[SourceQuality "1"]

1. e4 c5 2. Nf3 d6 3. Bb5+ Nd7 4. a4 Ngf6 5. Nc3 a6 6. Be2 b6 7. d4 cxd4 8. Qxd4 Bb7 9. Bg5 e6 10. 0-0 Qc7 11. Nd2 Be7 12. Nc4 Rd8 13. Rfd1 0-0 14. Bxf6 Nxf6 15. Qxb6 Qxb6 16. Nxb6 Nxe4 17. Nxe4 Bxe4 18. Bxa6 Bxc2 19. Rdc1 Be4 20. Rc7 Bg5 21. a5 d5 22. Bb7 Bf4 23. Rc8 f5 24. a6 d4 25. Rxd8 Rxd8 26. Bxe4 Bb8 27. Bb7 d3 28. Kf1 1-0

[Event "Wch Rapid (Women)"]
[Site "New York"]
[Date "2024.12.26"]
[Round "3"]
[White "Derlich, Sarah Sima"]
[Black "Mammadova, Gulnar Marfat Qizi"]
[Result "0-1"]
[WhiteElo "1807"]
[BlackElo "2289"]
[PlyCount "116"]
[EventDate "2024.12.26"]
[EventType "swiss (rapid)"]
[EventRounds "11"]
[EventCountry "USA"]
[SourceTitle "CB01_2025"]
[SourceDate "2025.01.01"]
[SourceVersion "1"]
[SourceVersionDate "2025.01.01"]
[SourceQuality "1"]

1. e4 e5 2. Nf3 Nc6 3. Bc4 Nf6 4. d3 Bc5 5. c3 d6 6. 0-0 a5 7. Bb3 h6 8. Nbd2 0-0 9. h3 Be6 10. Re1 Re8 11. Bc2 d5 12. exd5 Bxd5 13. Ne4 Bf8 14. Qe2 Nh5 15. Nh2 Nf4 16. Bxf4 exf4 17. Qg4 Bxe4 18. dxe4 Qf6 19. Nf3 a4 20. a3 Ra5 21. Re2 Rd8 22. Rd1 Bd6 23. Rd5 Rxd5 24. exd5 Ne7 25. Bxa4 Nxd5 26. Re8+ Rxe8 27. Bxe8 Nb6 28. Bb5 Qe7 29. Qf5 g6 30. Qc2 c6 31. Bd3 Qe6 32. Kf1 Kg7 33. Nd4 Qd5 34. a4 c5 35. a5 Nc4 36. Bxc4 Qxc4+ 37. Ne2 Qb5 38. c4 Qxa5 39. Qc3+ Qxc3 40. Nxc3 Be5 41. Ne4 b6 42. b3 f5 43. Nd2 Kf6 44. Ke2 g5 45. f3 Bc3 46. Nf1 h5 47. Kd3 Be1 48. Ke2 Bb4 49. Nh2 Ke5 50. Kd3 Be1 51. Ke2 Bg3 52. Nf1 Kd4 53. Kd2 Bf2 54. Ke2 Be3 55. g3 Kc3 56. Nxe3 fxe3 57. Kxe3 Kxb3 58. Kd3 Kb4 0-1

[Event "Mersin op 8th"]
[Site "Mersin"]
[Date "2024.11.16"]
[Round "9"]
[White "Mammadova, Gulnar Marfat Qizi"]
[Black "Baradaran Tamadon, Arian"]
[Result "1-0"]
[WhiteElo "2328"]
[BlackElo "2323"]
[PlyCount "57"]
[EventDate "2024.11.10"]
[EventType "swiss"]
[EventRounds "9"]
[EventCountry "TUR"]
[SourceTitle "CB47_2024"]
[SourceDate "2024.11.20"]
[SourceVersion "1"]
[SourceVersionDate "2024.11.20"]
[SourceQuality "1"]

1. e4 c5 2. Nf3 e6 3. d4 cxd4 4. Nxd4 Nc6 5. Nc3 Qc7 6. Be3 a6 7. Qf3 Nf6 8. 0-0-0 h5 9. Nxc6 dxc6 10. h3 e5 11. Bc4 b5 12. Bb3 a5 13. a4 b4 14. Nb1 Be7 15. Rhg1 Rf8 16. g4 hxg4 17. hxg4 c5 18. Nd2 Ba6 19. Bc4 Bb7 20. Bb5+ Bc6 21. Nc4 Bxb5 22. axb5 Nd7 23. Rxd7 Qxd7 24. Nb6 Qxb5 25. Nxa8 Bd6 26. Qd1 Kd7 27. Qd5 Qc6 28. Rd1 Qxd5 29. Nb6+ 1-0

[Event "Mersin op 8th"]
[Site "Mersin"]
[Date "2024.11.11"]
[Round "3"]
[White "Mammadova, Gulnar Marfat Qizi"]
[Black "Ererdem, Gani Eren"]
[Result "1-0"]
[WhiteElo "2328"]
[BlackElo "2066"]
[PlyCount "57"]
[EventDate "2024.11.10"]
[EventType "swiss"]
[EventRounds "9"]
[EventCountry "TUR"]
[SourceTitle "CB47_2024"]
[SourceDate "2024.11.20"]
[SourceVersion "1"]
[SourceVersionDate "2024.11.20"]
[SourceQuality "1"]

1. e4 e5 2. Nf3 Nc6 3. Bb5 a6 4. Ba4 Nf6 5. Nc3 b5 6. Bb3 Bc5 7. Nd5 h6 8. c3 d6 9. d4 Ba7 10. Be3 0-0 11. Nxf6+ Qxf6 12. Bd5 Bb7 13. g4 Na5 14. Bxb7 Nxb7 15. g5 hxg5 16. Nxg5 exd4 17. cxd4 c5 18. Qh5 Qh6 19. Qxh6 gxh6 20. Nf3 cxd4 21. Bxh6 Rfe8 22. 0-0-0 Nc5 23. Nxd4 Kh7 24. Nf5 Nxe4 25. Rhg1 Rg8 26. Bg7 Rac8+ 27. Kb1 Rc5 28. Rd3 Nxf2 29. Rxd6 1-0